[Event "4NCL/Div1/BAR2 vs. BET"]
[Site "Telford ENG"]
[Date "2003.04.13"]
[Round "8.6"]
[White "Williams, Simon K"]
[Black "Trent, Lawrence"]
[Result "1-0"]
[WhiteElo "2375"]
[BlackElo "2257"]
[PlyCount "63"]
[EventDate "2003.04.13"]

1. c4 g6 2. Nc3 Bg7 3. g3 Nf6 4. Bg2 d6 5. d3 O-O 6. e4 c6 7. Nge2 a6 8. O-O b5
9. h3 Nbd7 10. f4 Rb8 11. Qc2 Bb7 12. g4 Nb6 13. Nd1 e5 14. f5 d5 15. c5 Nbd7
16. Ng3 Ne8 17. g5 f6 18. h4 Kh8 19. Nf2 d4 20. b4 Bc8 21. Qe2 Rg8 22. Qg4 Nf8
23. Bf3 gxf5 24. exf5 fxg5 25. hxg5 Ng6 26. Nfe4 Nf4 27. Bxf4 exf4 28. Qxf4 Rb7
29. Kf2 Qc7 30. Nd6 Bf8 31. Qxd4+ Ng7 32. Rh1 1-0

[Event "4NCL/Div1/BAR2 vs. BET"]
[Site "Telford ENG"]
[Date "2003.04.13"]
[Round "8.7"]
[White "Coleman, David"]
[Black "Ledger, Stephen C"]
[Result "0-1"]
[WhiteElo "2239"]
[BlackElo "2199"]
[PlyCount "70"]
[EventDate "2003.04.13"]

1. e4 c5 2. Nf3 Nc6 3. Nc3 e5 4. Bc4 Be7 5. d3 d6 6. Nd2 Nf6 7. Nf1 Be6 8. Ne3
O-O 9. O-O Na5 10. Bd5 Bxd5 11. Ncxd5 Nxd5 12. Nxd5 Bg5 13. f4 exf4 14. Bxf4
Nc6 15. Bxg5 Qxg5 16. Rf5 Qd8 17. Qg4 f6 18. Raf1 Kh8 19. Rh5 Ne5 20. Qh3 h6
21. Ne3 Kh7 22. Nf5 Qd7 23. Rf4 Nf7 24. Rfh4 Rad8 25. Qg4 Rg8 26. Qf4 Rge8 27.
Rg4 Rg8 28. Rh3 Ng5 29. Re3 d5 30. e5 d4 31. Reg3 fxe5 32. Qxe5 Rde8 33. Qf4
Rgf8 34. Rxg5 hxg5 35. Rh3+ Kg8 0-1

[Event "4NCL/Div1/BAR2 vs. BET"]
[Site "Telford ENG"]
[Date "2003.04.13"]
[Round "8.8"]
[White "Tidman, Sophie"]
[Black "Rutherford, Elaine"]
[Result "1-0"]
[WhiteElo "2129"]
[BlackElo "2058"]
[PlyCount "65"]
[EventDate "2003.04.13"]

1. e4 e5 2. Nf3 d6 3. d4 exd4 4. Nxd4 Nf6 5. Nc3 Be7 6. f3 O-O 7. Bf4 a6 8. Qd2
b5 9. O-O-O b4 10. Nd5 Nxd5 11. exd5 a5 12. g4 Bb7 13. Nf5 Nd7 14. g5 Nb6 15.
Qd4 f6 16. Qe4 Re8 17. Bd3 g6 18. Nh6+ Kg7 19. Bb5 fxg5 20. Bxe8 Kxh6 21. Bxg6
hxg6 22. Be3 Bf6 23. h4 Kg7 24. hxg5 Bxg5 25. f4 Qe8 26. Bd4+ Bf6 27. Bxf6+
Kxf6 28. Qd4+ Kf5 29. Rhg1 Nxd5 30. Rg5+ Ke6 31. Re1+ Kd7 32. Rxe8 Rxe8 33.
Rxd5 1-0

[Event "4NCL/Div1/BRI1 vs. SWD1"]
[Site "West Bromwich ENG"]
[Date "2003.05.03"]
[Round "9.1"]
[White "Ansell, Simon"]
[Black "Cobb, James E"]
[Result "0-1"]
[WhiteElo "2394"]
[BlackElo "2318"]
[PlyCount "90"]
[EventDate "2003.05.03"]

1. e4 e5 2. Nf3 Nc6 3. Nc3 Nf6 4. g3 Bc5 5. Bg2 d6 6. d3 a6 7. O-O O-O 8. h3
Re8 9. Be3 Bxe3 10. fxe3 Ne7 11. Nh4 Ng6 12. Nf5 Be6 13. Qf3 c6 14. Rf2 d5 15.
Raf1 d4 16. Nd1 Bxf5 17. exf5 e4 18. dxe4 Ne5 19. Qe2 d3 20. Qe1 Qb6 21. Qc3
Rad8 22. Rd2 dxc2 23. Qxc2 Qb4 24. Rxd8 Rxd8 25. Qc3 Qe7 26. Nf2 Nh5 27. Kh2
Qc7 28. Nh1 Rd3 29. Qc1 Qd6 30. Rf2 h6 31. Bf1 Rd1 32. Qc3 Nf6 33. Bg2 Rd3 34.
Qe1 Rxe3 35. Qd2 Qc5 36. b4 Qc4 37. Qd6 Qc3 38. Qb8+ Kh7 39. Qxb7 Qc4 40. Qc7
Nd3 41. e5 Nxe5 42. Qb6 Re1 43. Rd2 Ne4 44. Rb2 Qc3 45. Rb3 Qd2 0-1

[Event "4NCL/Div1/BRI1 vs. SWD1"]
[Site "West Bromwich ENG"]
[Date "2003.05.03"]
[Round "9.2"]
[White "Cooper, John G"]
[Black "Cobb, Charles"]
[Result "0-1"]
[WhiteElo "2318"]
[BlackElo "2331"]
[PlyCount "62"]
[EventDate "2003.05.03"]

1. Nf3 Nf6 2. c4 e6 3. Nc3 d5 4. d4 Nbd7 5. Bg5 c6 6. e3 Qa5 7. cxd5 Nxd5 8.
Qd2 N7b6 9. Bd3 Nxc3 10. bxc3 Na4 11. O-O Qxc3 12. Qe2 Qb2 13. Qd1 Nc3 14. Qe1
f6 15. Bh4 Bb4 16. a3 Bxa3 17. Nd2 b5 18. f4 O-O 19. Rf2 Qb4 20. Nf1 Na4 21.
Qd1 Qd6 22. Bc2 Bb4 23. Qd3 f5 24. e4 Nc3 25. Ng3 Bd7 26. Bb3 Kh8 27. e5 Qb8
28. Rc1 Nd5 29. Bxd5 cxd5 30. Rfc2 Qb6 31. Nf1 Rac8 0-1

[Event "4NCL/Div1/BRI1 vs. SWD1"]
[Site "West Bromwich ENG"]
[Date "2003.05.03"]
[Round "9.3"]
[White "Beaumont, Chris"]
[Black "Richmond, Peter A"]
[Result "1/2-1/2"]
[WhiteElo "2328"]
[BlackElo "2254"]
[PlyCount "54"]
[EventDate "2003.05.03"]

1. d4 Nf6 2. Nf3 e6 3. e3 c5 4. Bd3 d5 5. b3 cxd4 6. exd4 Nc6 7. O-O Be7 8. Bb2
O-O 9. Nbd2 b6 10. Ne5 Nxe5 11. dxe5 Nd7 12. c4 Bb7 13. Qh5 g6 14. Qg4 Nc5 15.
Bc2 f5 16. exf6 Bxf6 17. Bxf6 Qxf6 18. b4 Nd7 19. Bb3 Ne5 20. Qg3 Qf4 21. cxd5
Bxd5 22. Bxd5 exd5 23. Nb3 Qxg3 24. hxg3 Nd3 25. b5 Rac8 26. Rad1 Rc3 27. Rd2
Nc5 1/2-1/2

[Event "4NCL/Div1/BRI1 vs. SWD1"]
[Site "West Bromwich ENG"]
[Date "2003.05.03"]
[Round "9.4"]
[White "James, David J"]
[Black "Burgess, Graham"]
[Result "1/2-1/2"]
[WhiteElo "2253"]
[BlackElo "2293"]
[PlyCount "64"]
[EventDate "2003.05.03"]

1. Nf3 Nf6 2. c4 c6 3. Nc3 d5 4. d4 dxc4 5. a4 Bf5 6. Ne5 e6 7. e3 Nbd7 8. Nxc4
Bb4 9. Be2 Ne4 10. Qb3 a5 11. O-O Qc7 12. f3 Nd6 13. e4 Bg6 14. Bf4 O-O 15.
Rac1 Qb8 16. Rfd1 Re8 17. Na2 b5 18. axb5 cxb5 19. Ne3 e5 20. dxe5 Nxe5 21.
Nxb4 axb4 22. Qd5 Ndc4 23. Nxc4 bxc4 24. Bxe5 Rxe5 25. Qxc4 h5 26. Rd4 b3 27.
f4 Rea5 28. f5 Ra4 29. Qxa4 Rxa4 30. Rxa4 Bxf5 31. exf5 Qe8 32. Raa1 Qxe2
1/2-1/2

[Event "4NCL/Div1/BRI1 vs. SWD1"]
[Site "West Bromwich ENG"]
[Date "2003.05.03"]
[Round "9.5"]
[White "Collier, David O"]
[Black "Zeidler, Sven P"]
[Result "1/2-1/2"]
[WhiteElo "2273"]
[BlackElo "2265"]
[PlyCount "120"]
[EventDate "2003.05.03"]

1. e4 d5 2. exd5 Qxd5 3. Nf3 Nf6 4. Be2 Nc6 5. d4 Bg4 6. c4 Qd6 7. O-O O-O-O 8.
d5 Bxf3 9. Bxf3 Ne5 10. Bf4 Nxf3+ 11. Qxf3 e5 12. Be3 e4 13. Qf5+ Qd7 14. Qxd7+
Rxd7 15. Nc3 a6 16. Bd4 Be7 17. Rfe1 b5 18. cxb5 axb5 19. a4 b4 20. Nxe4 Rxd5
21. Nxf6 Bxf6 22. Bxf6 gxf6 23. Kf1 Rhd8 24. Re4 c5 25. Rc4 Kb7 26. Rac1 Kb6
27. R1c2 Rd1+ 28. Ke2 R1d5 29. Rf4 R8d6 30. Rf3 Rd4 31. b3 Re6+ 32. Re3 Rxe3+
33. fxe3 Rh4 34. h3 Re4 35. Kd3 Re5 36. Rc4 Rd5+ 37. Ke2 Rg5 38. Kf3 Rd5 39.
Ke2 h5 40. Rf4 f5 41. Rh4 Ka5 42. Rxh5 c4 43. bxc4 Re5 44. g4 Kxa4 45. Rh8 f4
46. Ra8+ Kb3 47. c5 Rxe3+ 48. Kd2 Re6 49. Ra1 Rc6 50. Rf1 Rxc5 51. Rxf4 Rc7 52.
h4 Ka3 53. h5 b3 54. Rf6 b2 55. Ra6+ Kb3 56. Rb6+ Ka2 57. Ra6+ Kb1 58. h6 Rd7+
59. Ke3 Kc2 60. Rc6+ Kd1 1/2-1/2

[Event "4NCL/Div1/BRI1 vs. SWD1"]
[Site "West Bromwich ENG"]
[Date "2003.05.03"]
[Round "9.6"]
[White "Jones, Richard S"]
[Black "Curtis, John"]
[Result "1/2-1/2"]
[WhiteElo "2246"]
[BlackElo "2143"]
[PlyCount "59"]
[EventDate "2003.05.03"]

1. e4 d6 2. d4 Nf6 3. Nc3 e5 4. dxe5 dxe5 5. Qxd8+ Kxd8 6. f4 Bd6 7. Nf3 Nbd7
8. fxe5 Nxe5 9. Bg5 c6 10. O-O-O Kc7 11. Be2 Nxf3 12. gxf3 Nh5 13. Bd3 Nf4 {(=)
} 14. Ne2 Nxe2+ 15. Bxe2 Re8 16. Bd3 f6 17. Bd2 Bh3 18. Rhg1 g5 19. Bf1 Bxf1
20. Rdxf1 Bxh2 21. Rh1 Bd6 22. Rxh7+ Re7 23. Rfh1 Rae8 24. R7h6 Be5 25. c4 Rd7
26. Rh7 Red8 27. Kc2 Rxh7 28. Rxh7+ Rd7 29. Rxd7+ Kxd7 30. b3 1/2-1/2

[Event "4NCL/Div1/BRI1 vs. SWD1"]
[Site "West Bromwich ENG"]
[Date "2003.05.03"]
[Round "9.7"]
[White "Ponter, Ian"]
[Black "Evans-Quek, Suan"]
[Result "0-1"]
[WhiteElo "2103"]
[BlackElo "2270"]
[PlyCount "68"]
[EventDate "2003.05.03"]

1. e4 d6 2. d4 g6 3. Nc3 Bg7 4. Nf3 a6 5. a4 Nd7 6. Be3 e5 7. dxe5 Nxe5 8. Nxe5
Bxe5 9. Bd4 Be6 10. Be2 Qh4 11. g3 Qf6 12. Bxe5 Qxe5 13. f4 Qc5 14. Qd3 Ne7 15.
O-O-O Nc6 16. Nd5 O-O-O 17. Rhe1 Nb4 18. Nxb4 Qxb4 19. Qd4 Qa5 20. Bf3 c5 21.
Qf6 Qxa4 22. f5 Qa1+ 23. Kd2 Qa5+ 24. Kc1 Bd7 25. Qxf7 Qa1+ 26. Kd2 Qxb2 27.
Rb1 Qd4+ 28. Kc1 Qc3 29. Rf1 Bb5 30. e5 Rd7 31. Qf6 Re8 32. fxg6 Qe3+ 33. Kb2
Bxf1 34. Bg4 Qd4+ 0-1

[Event "4NCL/Div1/BRI1 vs. SWD1"]
[Site "West Bromwich ENG"]
[Date "2003.05.03"]
[Round "9.8"]
[White "Cast, Abigail"]
[Black "Headlong, Fenella"]
[Result "1-0"]
[WhiteElo "2114"]
[BlackElo "1672"]
[PlyCount "95"]
[EventDate "2003.05.03"]

1. d4 d5 2. c4 e6 3. Nc3 Be7 4. cxd5 exd5 5. Qc2 c6 6. Nf3 Bg4 7. Ne5 Bh5 8.
Bf4 Nd7 9. e3 Nxe5 10. Bxe5 Nf6 11. Bd3 Bg6 12. Bxg6 hxg6 13. Rc1 Bd6 14. Qb3
Rb8 15. Bxf6 Qxf6 16. Qa4 O-O 17. Qxa7 Rfe8 18. Qb6 Qg5 19. O-O Qh5 20. g3 Re6
21. Kg2 g5 22. h3 Rbe8 23. Qxb7 Rf6 24. g4 Qh4 25. Ne2 Rb8 26. Qxc6 Rxb2 27.
Qc8+ Kh7 28. Rc2 Rb1 29. Rcc1 Rb2 30. Qa6 Bf4 31. Qd3+ g6 32. exf4 gxf4 33. Kh2
f3 34. Ng3 Rf4 35. Qe3 Rxg4 36. Qxf3 Rf4 37. Qe3 Rxa2 38. Rc5 Ra6 39. Rxd5 Raf6
40. Rd7 Rf3 41. Qe2 g5 42. Qe4+ Kh6 43. Qxh4+ gxh4 44. Ne4 R6f4 45. Kg2 Rd3 46.
f3 f5 47. Nd6 Kg6 48. Nb5 1-0

[Event "4NCL/Div1/GUI1 vs. BAR2"]
[Site "West Bromwich ENG"]
[Date "2003.05.03"]
[Round "9.1"]
[White "Conquest, Stuart C"]
[Black "Cox, John J"]
[Result "1-0"]
[WhiteElo "2556"]
[BlackElo "2316"]
[PlyCount "79"]
[EventDate "2003.05.03"]

1. d4 f5 2. Bg5 h6 3. Bf4 g6 4. Be5 Nf6 5. Bxf6 exf6 6. Nh3 Bd6 7. e3 Qe7 8. g3
b6 9. Bg2 Nc6 10. c4 O-O 11. O-O Kg7 12. Nc3 Bb7 13. Re1 Rae8 14. a3 Nd8 15.
Bxb7 Nxb7 16. b4 c6 17. Qa4 Bb8 18. c5 Nd8 19. Qa6 bxc5 20. bxc5 Ne6 21. f4 h5
22. Nf2 h4 23. Rab1 hxg3 24. hxg3 Rh8 25. Qe2 Bc7 26. Qa6 Bb8 27. Qc4 Bc7 28.
Rb7 Bb8 29. Re2 Rd8 30. Qa4 Rhe8 31. Qb4 Nc7 32. Qa5 Ne6 33. Nd3 Rc8 34. d5
cxd5 35. Nxd5 Qd8 36. Qxd8 Rexd8 37. Rc2 Nc7 38. Ne7 Ne6 39. Nxc8 Rxc8 40.
Rxd7+ 1-0

[Event "4NCL/Div1/GUI1 vs. BAR2"]
[Site "West Bromwich ENG"]
[Date "2003.05.03"]
[Round "9.2"]
[White "Berry, Neil"]
[Black "Kosten, Anthony C"]
[Result "1/2-1/2"]
[WhiteElo "2293"]
[BlackElo "2545"]
[PlyCount "100"]
[EventDate "2003.05.03"]

1. Nf3 c5 2. c4 e6 3. Nc3 Nf6 4. g3 d5 5. cxd5 Nxd5 6. Bg2 Nc6 7. d4 Nb6 8. Bg5
f6 9. dxc5 Bxc5 10. Qxd8+ Kxd8 11. Rd1+ Ke7 12. Bc1 Bb4 13. O-O Bxc3 14. bxc3
e5 15. Nd2 Rd8 16. Ne4 Nc4 17. Nc5 N6a5 18. f4 Rb8 19. Nd3 Bg4 20. Rfe1 exf4
21. Bxf4 Rbc8 22. Nb4 Kf7 23. Rd4 g5 24. Bc1 Ne5 25. Nd3 Nxd3 26. exd3 Rxd4 27.
cxd4 Rc2 28. Bd5+ Kg6 29. Ba3 Nc6 30. Bc5 Bf5 31. Rb1 b6 32. Bxc6 bxc5 33. dxc5
Bxd3 34. Rb3 Bf5 35. Ra3 Rxc5 36. Be8+ Kh6 37. Rxa7 Be4 38. Ra6 Kg7 39. Ra7+
Kf8 40. Bh5 Rc2 41. Rf7+ Kg8 42. Rxf6 Rg2+ 43. Kf1 Rxh2 44. Be2 Kg7 45. Rb6 h5
46. a4 h4 47. gxh4 gxh4 48. Rb4 Bc6 49. Rc4 Bd5 50. Rd4 Bc6 1/2-1/2

[Event "4NCL/Div1/GUI1 vs. BAR2"]
[Site "West Bromwich ENG"]
[Date "2003.05.03"]
[Round "9.3"]
[White "Stefanova, Antoaneta"]
[Black "Twyble, Michael S"]
[Result "1-0"]
[WhiteElo "2550"]
[BlackElo "2238"]
[PlyCount "84"]
[EventDate "2003.05.03"]

1. d4 d5 2. c4 c6 3. cxd5 cxd5 4. Nc3 Nc6 5. Bf4 Nf6 6. e3 e6 7. Bd3 Be7 8. h3
O-O 9. Nf3 Bd7 10. O-O Nh5 11. Bh2 f5 12. Rc1 Nf6 13. a3 Ne4 14. Na4 Bd6 15.
Bxe4 Bxh2+ 16. Nxh2 fxe4 17. Nc5 Rb8 18. f3 exf3 19. Rxf3 Rxf3 20. Qxf3 Qe7 21.
Rf1 b6 22. Nxd7 Qxd7 23. Ng4 Qe7 24. Qg3 Rf8 25. Rc1 Qd7 26. b4 h5 27. Nf2 Rc8
28. Qg5 Qe8 29. Nd3 Ne7 30. Rxc8 Nxc8 31. Nf4 Nd6 32. Nxh5 Qf8 33. Nf4 Qf6 34.
Qxf6 gxf6 35. Nxe6 Nc4 36. Kf2 Nxa3 37. Nc7 a5 38. Ne8 Nc2 39. bxa5 bxa5 40.
Nxf6+ Kf7 41. Nxd5 a4 42. Nc3 a3 1-0

[Event "4NCL/Div1/GUI1 vs. BAR2"]
[Site "West Bromwich ENG"]
[Date "2003.05.03"]
[Round "9.4"]
[White "Taylor, Peter"]
[Black "Gallagher, Joseph G"]
[Result "1/2-1/2"]
[WhiteElo "2249"]
[BlackElo "2515"]
[PlyCount "54"]
[EventDate "2003.05.03"]

1. c4 g6 2. g3 Bg7 3. Bg2 d6 4. Nc3 e5 5. e4 Nc6 6. Nge2 Nge7 7. d3 O-O 8. O-O
Be6 9. Nd5 Qd7 10. Be3 f5 11. Qd2 Rf7 12. f3 Raf8 13. Rae1 Kh8 14. b3 Ng8 15.
exf5 gxf5 16. f4 Nd4 17. fxe5 Nxe2+ 18. Rxe2 dxe5 19. d4 f4 20. gxf4 Bxd5 21.
Bxd5 exf4 22. Bxf4 Qg4+ 23. Rg2 Rxf4 24. Rxg4 Rxg4+ 25. Bg2 Bxd4+ 26. Qxd4+
Rxd4 27. Rxf8 Rd1+ 1/2-1/2

[Event "4NCL/Div1/GUI1 vs. BAR2"]
[Site "West Bromwich ENG"]
[Date "2003.05.03"]
[Round "9.5"]
[White "Flear, Glenn C"]
[Black "Coleman, David"]
[Result "1-0"]
[WhiteElo "2509"]
[BlackElo "2239"]
[PlyCount "74"]
[EventDate "2003.05.03"]

1. d4 Nf6 2. c4 g6 3. Nc3 Bg7 4. e4 d6 5. f4 O-O 6. Nf3 c5 7. dxc5 Qa5 8. Bd3
Qxc5 9. Qe2 Nc6 10. Be3 Qa5 11. O-O Nd7 12. Rac1 Nc5 13. Bb1 a6 14. Rfd1 Bg4
15. Qf2 Rac8 16. Nd5 e6 17. b4 Qa3 18. bxc5 exd5 19. cxd5 Na5 20. cxd6 Qxd6 21.
Bd3 b5 22. h3 Bxf3 23. Qxf3 Qa3 24. Rxc8 Rxc8 25. Qe2 Bf8 26. Kh1 Nc4 27. Bd4
Bc5 28. Bxc4 Bxd4 29. Bb3 Rc1 30. e5 Be3 31. g3 Qc5 32. Kg2 Bd4 33. d6 Rxd1 34.
Qxd1 a5 35. Qc2 Qxc2+ 36. Bxc2 Kf8 37. Kf3 Ke8 $138 1-0

[Event "4NCL/Div1/GUI1 vs. BAR2"]
[Site "West Bromwich ENG"]
[Date "2003.05.03"]
[Round "9.6"]
[White "Hodgson, John H"]
[Black "Hebden, Mark L"]
[Result "0-1"]
[WhiteElo "2202"]
[BlackElo "2526"]
[PlyCount "148"]
[EventDate "2003.05.03"]

1. e4 e5 2. Nf3 Nc6 3. Bb5 a6 4. Ba4 Nf6 5. O-O Be7 6. Bxc6 dxc6 7. Qe1 Nd7 8.
b3 c5 9. Bb2 Bd6 10. a4 Rb8 11. Nc3 O-O 12. Nd1 Re8 13. Ne3 b5 14. axb5 axb5
15. d3 Nf8 16. Ra2 Ng6 17. Qa1 f6 18. Nd2 Be6 19. Qd1 Qd7 20. Qf3 Ne7 21. Rfa1
Nc6 22. Bc3 Nd4 23. Bxd4 cxd4 24. Nf5 Bb4 25. Nf1 g6 26. Nh4 Bf8 27. Qe2 Bh6
28. Nf3 Qc6 29. h3 Qc3 30. Qe1 Qxe1 31. Rxe1 Rb6 32. Rea1 Bf8 33. Ra8 Rxa8 34.
Rxa8 Rc6 35. Ra2 h5 36. N3d2 Bh6 37. Nf3 Kf7 38. N1h2 Rc3 39. Kf1 Bf4 40. Ke2
Ke7 41. Nf1 Bh6 42. N1d2 g5 43. Nf1 g4 44. hxg4 hxg4 45. N3d2 Bf4 46. Kd1 Rc6
47. Ra8 Rb6 48. Ke2 Kd7 49. Kd1 Rb7 50. Ke2 c6 51. g3 Bg5 52. Kd1 Kd6 53. Ke2
Kc5 54. Kd1 Kb4 55. Ra6 Rc7 56. Nb1 Bc8 57. Ra8 Be6 58. Ra6 Rc8 59. Ke2 Kc5 60.
Nbd2 Bd7 61. Ra7 Rd8 62. Ra6 Rh8 63. Ra7 Be6 64. Re7 Kd6 65. Ra7 Rh1 66. Ra1
Kc5 67. Re1 Kb4 68. Nb1 Rh8 69. Nfd2 Ra8 70. Kd1 Ra1 71. Ke2 c5 72. Rh1 Ra2 73.
Kd1 Bxd2 74. Kxd2 Bxb3 0-1

[Event "4NCL/Div1/GUI1 vs. BAR2"]
[Site "West Bromwich ENG"]
[Date "2003.05.03"]
[Round "9.7"]
[White "Plaskett, James"]
[Black "Rose, Matthew"]
[Result "1/2-1/2"]
[WhiteElo "2471"]
[BlackElo "2223"]
[PlyCount "84"]
[EventDate "2003.05.03"]

1. e4 c5 2. Nc3 Nc6 3. Bb5 g6 4. Bxc6 dxc6 5. d3 Bg7 6. Be3 b6 7. f4 Nh6 8. h3
f6 9. Nf3 Nf7 10. Qd2 e5 11. fxe5 fxe5 12. O-O-O Qd6 13. Rdf1 Be6 14. Ng5 Nxg5
15. Bxg5 Bf7 16. Rf3 O-O 17. Rhf1 Be6 18. Bf6 h6 19. g4 g5 20. Ne2 Bxf6 21.
Rxf6 Rxf6 22. Rxf6 Rf8 23. Rxf8+ Qxf8 24. Qe3 Qf1+ {(=)} 25. Kd2 Qg2 26. c4 Kf7
27. Qg3 Qxg3 28. Nxg3 Kg6 29. Kc3 Bd7 30. a3 a5 31. Nh5 Kf7 32. Ng3 Kf6 33. Nf5
Kg6 34. Ne7+ Kf7 35. Nf5 Kg6 36. Ne3 h5 37. b4 hxg4 38. hxg4 cxb4+ 39. axb4 a4
40. Kb2 b5 41. Kc3 Kf6 42. cxb5 cxb5 1/2-1/2

[Event "4NCL/Div1/GUI1 vs. BAR2"]
[Site "West Bromwich ENG"]
[Date "2003.05.03"]
[Round "9.8"]
[White "Bhatia, Kanwal K"]
[Black "Gormally, Daniel W"]
[Result "0-1"]
[WhiteElo "2047"]
[BlackElo "2496"]
[PlyCount "80"]
[EventDate "2003.05.03"]

1. e4 c5 2. c3 e6 3. d4 d5 4. exd5 Qxd5 5. Nf3 Nf6 6. Be3 cxd4 7. cxd4 Nc6 8.
Nc3 Bb4 9. Bd3 O-O 10. O-O Qa5 11. Qc2 h6 12. a3 Bxc3 13. bxc3 e5 14. Nxe5 Nxe5
15. dxe5 Qxe5 16. Bd4 Qd6 17. Rad1 Qc6 18. a4 a6 19. a5 Re8 20. Rb1 Nd5 21.
Bh7+ Kf8 22. f3 Ne3 23. Qf2 Bf5 24. Rb6 Qd5 25. Bxe3 Bxh7 26. Bc5+ Kg8 27. Qd4
Qa2 28. Qg4 Re5 29. Qb4 Bd3 30. Rd1 Be2 31. Rb1 Bxf3 32. Rb2 Qa1+ 33. Rb1 Re1+
34. Kf2 Rxb1 35. Qxb1 Qxa5 36. Bd4 Bc6 37. Qc2 Re8 38. Rb2 Qd5 39. Kg1 Re1+ 40.
Kf2 Rh1 0-1

[Event "4NCL/Div1/PYO vs. WGR2"]
[Site "West Bromwich ENG"]
[Date "2003.05.03"]
[Round "9.1"]
[White "Haslinger, Stewart"]
[Black "Lalic, Bogdan"]
[Result "1/2-1/2"]
[WhiteElo "2385"]
[BlackElo "2549"]
[PlyCount "63"]
[EventDate "2003.05.03"]

1. e4 e5 2. Nf3 Nc6 3. d4 exd4 4. Nxd4 Qf6 5. Nxc6 Bc5 6. Qd2 dxc6 7. Nc3 Ne7
8. Qf4 Be6 9. Qxf6 gxf6 10. Na4 Bb4+ 11. Bd2 Bxd2+ 12. Kxd2 O-O-O+ 13. Bd3 f5 {
(=)} 14. Rae1 Rhg8 15. exf5 Nxf5 16. g3 Nd4 17. Kc1 Bd5 18. Bxh7 Bxh1 19. Bxg8
Bd5 20. Bh7 Rh8 21. Be4 Rxh2 22. Nc5 Ne6 23. Nd3 Kd8 24. b3 b6 25. c3 Ke7 26.
Kd2 Kd6 27. c4 Bxe4 28. Rxe4 Rh1 29. Rh4 Rf1 30. Rh7 Ke7 31. Rh5 Nd4 32. c5
1/2-1/2

[Event "4NCL/Div1/PYO vs. WGR2"]
[Site "West Bromwich ENG"]
[Date "2003.05.03"]
[Round "9.2"]
[White "Littlewood, Paul E"]
[Black "Taylor, Martin R"]
[Result "1/2-1/2"]
[WhiteElo "2399"]
[BlackElo "2300"]
[PlyCount "140"]
[EventDate "2003.05.03"]

1. d4 d5 2. c4 e6 3. Nc3 Nf6 4. cxd5 exd5 5. Bg5 Nbd7 6. e3 Be7 7. Qc2 c6 8.
Bd3 Nh5 9. Bxe7 Qxe7 10. Nf3 g6 11. O-O-O Nb6 12. h3 Ng7 13. g4 Be6 14. Kb1
O-O-O 15. Na4 Nxa4 16. Qxa4 Kb8 17. Rc1 f6 18. Rc3 Rd6 19. Rhc1 Rc8 20. Nd2 Rc7
21. Nb3 b6 22. Qb4 Bc8 23. Na5 Bb7 24. Nxb7 Kxb7 25. a4 Rdd7 26. Qb3 Ne6 27. a5
Nd8 28. axb6 axb6 29. Qa2 Kb8 30. Rb3 b5 31. Qa5 Ra7 32. Qc3 Rdc7 33. Re1 Qd6
34. e4 dxe4 35. Bxe4 Ra4 36. d5 cxd5 37. Rxb5+ Nb7 38. Qd3 Qa6 39. Rxb7+ Rxb7
40. Qxa6 Rxa6 41. Bxd5 Rd7 42. Bc4 Rad6 43. Re8+ Rd8 44. Re3 Rd1+ 45. Ka2 Kc7
46. Rf3 Rc1 47. b3 Rc2+ 48. Ka3 Rdd2 49. Rxf6 Rxf2 50. Re6 Rf3 51. Kb4 Rxh3 52.
Kc5 Rxb3 53. Re7+ Kb8 54. Rxh7 Rb7 55. Rxb7+ Kxb7 56. Kd4 Kc7 57. Bd3 Rc6 58.
Ke5 Kd8 59. Be4 Rb6 60. g5 Ke7 61. Kf4 Rb4 62. Ke5 Rb5+ 63. Kf4 Kf7 64. Kg4 Rb4
65. Kf3 Rxe4 66. Kxe4 Ke6 67. Kf4 Kd5 68. Kf3 Ke5 69. Ke3 Kf5 70. Kf3 Kxg5
1/2-1/2

[Event "4NCL/Div1/PYO vs. WGR2"]
[Site "West Bromwich ENG"]
[Date "2003.05.03"]
[Round "9.3"]
[White "Bigg, Andrew J"]
[Black "Martin, Andrew D"]
[Result "0-1"]
[WhiteElo "2292"]
[BlackElo "2426"]
[PlyCount "104"]
[EventDate "2003.05.03"]

1. d4 d5 2. c4 e6 3. Nc3 Be7 4. Nf3 Nf6 5. Bg5 O-O 6. e3 Nbd7 7. Rc1 a6 8. a4
c6 9. Bd3 h6 10. Bh4 dxc4 11. Bxc4 b5 12. Bd3 Bb7 13. O-O Rc8 14. Qe2 Qa5 15.
Ne5 Rfe8 16. f4 b4 {(=)} 17. Bxf6 Nxf6 18. Ne4 c5 19. Nxf6+ Bxf6 20. Qh5 Bxe5
21. fxe5 Re7 22. Rf4 cxd4 23. Rcf1 Rcc7 24. Rg4 f5 25. Rxd4 Qxe5 26. Rd8+ Kh7
27. Rxf5 Qxe3+ 28. Rf2+ Be4 29. Bxe4+ Qxe4 30. Qd1 Rf7 31. Rxf7 Rxf7 32. Qd3
Qxd3 33. Rxd3 Rc7 34. Rd6 Rc2 35. Rxa6 Rxb2 36. Rxe6 Ra2 37. Rb6 Rxa4 38. Kf2
Ra2+ 39. Kf3 Rb2 40. h4 Rb1 41. h5 {(=)} 41... b3 42. Kg3 Kg8 43. Rb7 Kf8 44.
Kg4 b2 45. Kg3 Ke8 46. Kg4 Kd8 47. Kg3 Kc8 48. Rb3 Kd7 49. Kg4 Kd6 50. Rb6+ Ke5
51. Rb5+ Kd4 52. Rb4+ Kc3 0-1

[Event "4NCL/Div1/PYO vs. WGR2"]
[Site "West Bromwich ENG"]
[Date "2003.05.03"]
[Round "9.4"]
[White "Levitt, Jonathan P"]
[Black "Broomfield, Matthew"]
[Result "1-0"]
[WhiteElo "2419"]
[BlackElo "2255"]
[PlyCount "53"]
[EventDate "2003.05.03"]

1. d4 Nf6 2. c4 e6 3. Nc3 Bb4 4. e3 b6 5. Nge2 Ne4 6. f3 Nxc3 7. bxc3 Be7 8.
Ng3 d5 9. cxd5 exd5 10. Bd3 O-O 11. O-O c5 12. e4 cxd4 13. cxd4 Nc6 14. Bb2 Nb4
15. Bb5 a6 16. Ba4 b5 17. Bb3 Be6 18. a3 Nc6 19. f4 f5 20. Nxf5 Rxf5 21. exf5
Bxf5 22. Qf3 Be6 23. Rac1 Rc8 24. Rfe1 Bf7 25. Rc2 h5 26. Rec1 Qd7 27. Qh3 1-0

[Event "4NCL/Div1/PYO vs. WGR2"]
[Site "West Bromwich ENG"]
[Date "2003.05.03"]
[Round "9.5"]
[White "Rendle, Thomas E"]
[Black "Tiller, Bjorn"]
[Result "1-0"]
[WhiteElo "2253"]
[BlackElo "2380"]
[PlyCount "108"]
[EventDate "2003.05.03"]

1. e4 e6 2. d4 d5 3. e5 c5 4. c3 Nc6 5. Nf3 Qb6 6. Be2 cxd4 7. cxd4 Nh6 8. Nc3
Nf5 9. Na4 Qa5+ 10. Bd2 Bb4 11. Bc3 b5 12. a3 Bxc3+ 13. Nxc3 b4 14. axb4 Qxb4
15. Bb5 Bd7 16. Bxc6 Bxc6 17. Qd2 O-O 18. O-O Rfb8 19. Rfb1 a5 20. g4 Ne7 21.
h4 Bd7 22. h5 Nc6 23. Qf4 Qe7 24. h6 f6 25. Re1 Rf8 26. Qg3 Rab8 27. Ne2 Rb3
28. Ra3 Rxa3 29. bxa3 Qxa3 30. hxg7 Kxg7 31. Nf4 fxe5 32. dxe5 Kh8 33. Kg2 Qe7
34. Rh1 Be8 35. Rh6 Nd8 36. g5 Qg7 37. Qh4 Kg8 {(=)} 38. Kg3 Bg6 39. Qg4 Qf7
40. Nd4 Bf5 41. Qh4 Bg6 42. f3 Qg7 43. Kg2 Re8 44. Nh5 Bxh5 45. Qxh5 Re7 46. f4
Rf7 47. Qh4 a4 48. g6 Rd7 49. f5 exf5 50. e6 Re7 51. Qg5 hxg6 52. Rxg6 Qxg6 53.
Qxg6+ Rg7 54. Qxg7+ Kxg7 1-0

[Event "4NCL/Div1/PYO vs. WGR2"]
[Site "West Bromwich ENG"]
[Date "2003.05.03"]
[Round "9.6"]
[White "Tan, Desmond"]
[Black "Yastrebov, Alexander"]
[Result "1-0"]
[WhiteElo "2307"]
[BlackElo "2207"]
[PlyCount "69"]
[EventDate "2003.05.03"]

1. e4 c5 2. Nc3 Nc6 3. Nf3 e5 4. Bc4 d6 5. d3 Be7 6. O-O Bg4 7. h3 Bh5 8. Nd5
Qd7 9. c3 Bg6 10. a3 f5 11. exf5 Bxf5 12. Re1 Bf6 13. b4 Nge7 14. bxc5 dxc5 15.
Nxe7 Qxe7 16. g4 Bd7 17. g5 Bxh3 18. gxf6 gxf6 19. Ng5 Bf5 20. Qf3 Bg6 21. Ne6
Nd8 22. Nxd8 Rxd8 23. Rb1 Rb8 24. Bh6 Bf7 25. Bxf7+ Qxf7 26. Kh2 Rg8 27. d4 Kd8
28. dxe5 f5 29. Rbd1+ Kc8 30. Rg1 Rg6 31. Rxg6 hxg6 32. Kg2 Qc4 33. Bf4 g5 34.
Bxg5 Kc7 35. Qf4 1-0

[Event "4NCL/Div1/PYO vs. WGR2"]
[Site "West Bromwich ENG"]
[Date "2003.05.03"]
[Round "9.7"]
[White "Gilbert, Jessie"]
[Black "Law, Andrew P"]
[Result "1/2-1/2"]
[WhiteElo "2113"]
[BlackElo "2320"]
[PlyCount "22"]
[EventDate "2003.05.03"]

1. d4 Nf6 2. c4 e6 3. Nf3 d5 4. Nc3 c6 5. Bg5 Nbd7 6. e3 Qa5 7. Qb3 Ne4 8. Bf4
Bb4 9. Rc1 O-O 10. Bd3 dxc4 11. Bxc4 Nb6 1/2-1/2

[Event "4NCL/Div1/PYO vs. WGR2"]
[Site "West Bromwich ENG"]
[Date "2003.05.03"]
[Round "9.8"]
[White "Jackson, Sheila"]
[Black "Timms, Nicholas D"]
[Result "1/2-1/2"]
[WhiteElo "2173"]
[BlackElo "2102"]
[PlyCount "46"]
[EventDate "2003.05.03"]

1. e4 c6 2. d4 d5 3. Nc3 dxe4 4. Nxe4 Nf6 5. Ng5 h6 6. N5f3 Bg4 7. h3 Bh5 8.
Bd3 Bxf3 9. Nxf3 e6 10. Bf4 Nd5 11. Bd2 Bd6 12. Qe2 Nf4 13. Bxf4 Bxf4 14. Qe4
Qc7 15. g3 Bd6 16. O-O-O Nd7 17. c4 Nf6 18. Qe2 O-O-O 19. c5 Be7 20. Bc4 Nd5
21. Ne5 Bf6 22. Kb1 Rhe8 23. f4 g6 1/2-1/2